DTM Fahrer 2020 - Statistiken

Allgemein
  • Dieses Quiz wurde 3 mal gespielt
  • Das Durchschnittsergebnis liegt bei 10 aus 17
Antwortstatistiken
Team Nummer Marke Nation Fahrer % Korrekt
Audi Sport Team Phoenix 99 Audi Deutschland Mike Rockenfeller
100%
Audi Sport Team Rosberg 33 Audi Deutschland Rene Rast
100%
Audi Sport Team Rosberg 53 Audi Großbritannien Jamie Green
67%
Audi Sport Team Phoenix(16) 28 Audi Frankreich Loic Duval
67%
BMW Team RMR 22 BMW Österreich Lucas Auer
67%
BMW Team RMG 11 BMW Deutschland Marco Wittmann
67%
Audi Sport Team Abt Sportsline 51 Audi Schweiz Nico Müller
67%
BMW Team RBM 25 BMW Österreich Phillipp Eng
67%
Orlen Team ART 8 BMW Polen Robert Kubica
67%
Audi Sport Team Abt Sportsline 4 Audi Niederlande Robin Frijns
67%
BMW Team RBM 31 BMW Südafrika Sheldon van der Linde
67%
BMW Team RMG 16 BMW Deutschland Timo Glock
67%
Audi Sport Team Phoenix(2) 19 Audi Frankreich Benoit Treluyer
33%
WRT Team Audi Sport 13 Audi Schweiz Fabio Scherer
33%
WRT Team Audi Sport 62 Audi Österreich Ferdinand Habsburg
33%
WRT Team Audi Sport 10 Audi Großbritannien Harrison Newey
33%
BMW Team RMR 27 BMW Südafrika Jonathan Aberdein
33%
Keine übereinstimmenden Quizze gefunden
Verteilung der Resultate
Anzahl Personen mit jedem Resultat
Perzentil nach korrekt beantworteten Fragen
Ihre Resultats-Entwicklung
Sie haben dieses Quiz noch nicht gespielt